| 000 | 00000nam 2200000za 4500 |
| 001 | 9.843550 |
| 003 | CaOODSP |
| 005 | 20221107152539 |
| 007 | cr ||||||||||| |
| 008 | 171107q1984 xxc |o f|0| 0 eng d |
| 040 | |aCaOODSP|beng |
| 043 | |an-cn-sn |
| 086 | 1 |aNH15-650/1984E-PDF |
| 100 | 1 |aMcDowell, Ken. |
| 245 | 10|aSenior citizens' satisfaction with their high-rise buildings |h[electronic resource] / |cKen McDowell. |
| 260 | |a[Ottawa : |bCanada Mortgage and Housing Corporation, |c1984?] |
| 300 | |a52 p. |
| 500 | |aDigitized edition from print produced 2015 [for Canada Mortgage and Housing Corporation]. |
| 520 | |a"This survey of senior citizens' satisfaction with their high-rise buildings was conducted in late June and during July, 1983 in Saskatoon"--Introd. |
| 692 | 07|2gccst|aSeniors |
| 692 | 07|2gccst|aApartment buildings |
| 710 | 2 |aCanada Mortgage and Housing Corporation. |
| 856 | 40|qPDF|s2.30 MB|uhttps://publications.gc.ca/collections/collection_2017/schl-cmhc/nh15/NH15-650-1984-eng.pdf |